zpět

Detail výsledku týmu

MusiClub Drago, Nový Jičín

Datum a čas kvízu

27.5 Celkem bodů Celkový počet nahraných bodů na tomto kvízu bez doplňovacích otázek.
10. Pořadí na kvízu Konečné umístění týmu na tomto kvízu.

Zaznamenané odpovědi

# Otázka Odpověď Body Výsledky
1. V pátek odpoledne byla v širší... v Brně 1
2. Premiér Scott Morrison se omlu... Austrálii 1
3. Jistá společnost dostala ve Fr... Google 1
4. Který tuzemský festival minulý... Colours of Ostrava 1
5. V poslední aktualitě tak nějak... Milan Gulaš 1
6. Již od roku 1999 se v Praze ka... Designblok 0
7. Celosvětové známá je česká náb... Továrna na ohýbaný nábytek 1
8. Loga českých měst budí někdy v... Liberec 1
9. Jedním z nejvýznamnějších česk... Reflex 1
10. Napište jméno tohoto českého d... Maxim Velčovský 0